All-Star Team Mondiali 2006 - Statistics

Statistiche generali
  • Questo quiz è stato fatto 91 volte
  • Il punteggio medio è 12 su 23
Statistiche sulle risposte
Ruolo Nazione Calciatore % Corretto
Portiere Italia Gianluigi Buffon
100%
Attaccante Italia Francesco Totti
95%
Difensore Italia Fabio Cannavaro
93%
Centrocampista Francia Zinédine Zidane
93%
Centrocampista Italia Andrea Pirlo
91%
Attaccante Italia Luca Toni
89%
Centrocampista Italia Gennaro Gattuso
76%
Difensore Italia Gianluca Zambrotta
74%
Attaccante Francia Thierry Henry
70%
Attaccante Germania Miroslav Klose
66%
Centrocampista Portogallo Luís Figo
51%
Portiere Germania Jens Lehmann
49%
Difensore Francia Lilian Thuram
43%
Attaccante Argentina Hernán Crespo
41%
Centrocampista Germania Michael Ballack
41%
Difensore Germania Philipp Lahm
37%
Centrocampista Francia Paterick Vieira
30%
Difensore Inghilterra John Terry
29%
Difensore Portogallo Ricardo Carvalho
24%
Portiere Portogallo Ricardo
13%
Difensore Argentina Roberto Ayala
13%
Centrocampista Portogallo Maniche
12%
Centrocampista Brasile Zé Roberto
12%
Nessun quiz corrispondente trovato
Distribuzione punteggi
Percentuale di utenti per punteggio
Percentile per numero di risposta
I tuoi punteggi nel tempo
Non hai fatto questo quiz